Statistiken für Kar Namen

Klicken Sie hier um das Quiz zu spielen!

Allgemein

  • Dieses Quiz wurde 6 mal gespielt
  • Das Durchschnittsergebnis liegt bei 15 aus 27

Antwortstatistiken

Antwort% Korrekt
Kar
100%
Mephan
100%
Mephan_
100%
Mika
100%
Oreo_HD
100%
Sussy
100%
Sussy Kar
100%
Birne
50%
Crackar
50%
Cringe Cracker
50%
Der aggressive Rheinberger
50%
Gaykar
50%
Kevin
50%
Lolliges Wasser
50%
Mephan Ferguson
50%
Mephan Stanka
50%
Mephisto
50%
Mika Kevin Rheinberger
50%
Mikar
50%
Mika Rheinberger
50%
Mirko
50%
Rak
50%
Sussy Rak
50%
Goofball
0%
King Mika
0%
Ligma Male
0%
Moonat
0%

Verteilung der Resultate

Perzentil nach korrekt beantworteten Fragen

Anzahl Personen mit jedem Resultat

Ihre Resultats-Entwicklung

Sie haben dieses Quiz noch nicht gespielt